The resurrection of Jesus Christ. (Record no. 7598)

000 -LEADER
fixed length control field 00622nam a2200193 a 4500
001 - CONTROL NUMBER
control field :::00005359$&:&@@
003 - CONTROL NUMBER IDENTIFIER
control field OkBaRHE
005 - DATE AND TIME OF LATEST TRANSACTION
control field 20000607103325.0
008 - FIXED-LENGTH DATA ELEMENTS--GENERAL INFORMATION
fixed length control field s1974 j 000 0 eng u
040 ## - CATALOGING SOURCE
Transcribing agency
100 1# - MAIN ENTRY--PERSONAL NAME
Personal name Lindsay, Gordon (James Gordon), 1906-1973.
245 14 - TITLE STATEMENT
Title The resurrection of Jesus Christ.
260 ## - PUBLICATION, DISTRIBUTION, ETC. (IMPRINT)
Place of publication, distribution, etc Dallas, TX., :
Name of publisher, distributor, etc Christ for the Nations
Date of publication, distribution, etc 1974
300 ## - PHYSICAL DESCRIPTION
Extent 48 p. ;
Dimensions 21 cm.
490 0# - SERIES STATEMENT
Series statement Life of Christ series, v. 17.
650 ## - SUBJECT ADDED ENTRY--TOPICAL TERM
Topical term or geographic name as entry element Jesus Christ
General subdivision Resurrection
942 ## - ADDED ENTRY ELEMENTS (KOHA)
Source of classification or shelving scheme
Koha item type Books
Copies
Shelving location Damaged status Full call number Date last seen Not for loan Source of classification or shelving scheme Barcode Price effective from Withdrawn status Lost status Copy number Date acquired Koha item type Permanent Location
General Stacks BT 481 .L5222010-04-14  53592010-04-14  12010-04-14BooksRHEMA Bible Training College